What Colour is Your Parachute? / (Record no. 1575)
[ view plain ]
| 000 -LEADER | |
|---|---|
| fixed length control field | 00603nam a2200229 a 4500 |
| 001 - CONTROL NUMBER | |
| JCCL Control Number | 1575 |
| 003 - CONTROL NUMBER IDENTIFIER | |
| JCCL marc code | BD-JhCC |
| 005 - DATE AND TIME OF LATEST TRANSACTION | |
| control field | 20180723134015.0 |
| 008 - FIXED-LENGTH DATA ELEMENTS--GENERAL INFORMATION | |
| fixed length control field | 171022s20062010nyua|||| || | 000 0 eng d |
| 020 ## - INTERNATIONAL STANDARD BOOK NUMBER | |
| International Standard Book Number | 978580081412 |
| 035 ## - SYSTEM CONTROL NUMBER | |
| system control number | (BD-JhCC)1575 |
| 040 ## - CATALOGING SOURCE | |
| Original cataloging agency | BD-JhCC |
| Modifying agency | BD-JhCC |
| 041 ## - LANGUAGE CODE | |
| Language code of Book | eng |
| 082 ## - DEWEY DECIMAL CLASSIFICATION NUMBER | |
| Classification number | 650.140835 |
| Author mark and Year | CHR 2010 |
| 100 ## - MAIN ENTRY--PERSONAL NAME | |
| Personal name | Christen, Carol |
| 245 ## - TITLE STATEMENT | |
| Title | What Colour is Your Parachute? / |
| Statement of responsibility, etc | Carol Christen and Richard N. Bolles |
| 260 ## - PUBLICATION, DISTRIBUTION, ETC. (IMPRINT) | |
| Place of publication, distribution, etc | New York : |
| Name of publisher, distributor, etc | Ten Speed Press, |
| Date of publication, distribution, etc | 2010 |
| 300 ## - PHYSICAL DESCRIPTION | |
| Pagination | 178 p. : |
| Dimensions | 24 cm. |
| 650 ## - SUBJECT ADDED ENTRY--TOPICAL TERM | |
| Topical term or geographic name as entry element | Job Hunting |
| 942 ## - ADDED ENTRY ELEMENTS (KOHA) | |
| Source of classification or shelving scheme | Dewey Decimal Classification |
| Koha item type | Books |
| Koha issues (borrowed), all copies | 2 |
| Source of classification or shelving scheme | Damaged status | Not for loan | Home library | Current library | Shelving location | Total Checkouts | Full call number | Barcode | Date last seen | Date checked out | Copy number | Koha item type |
|---|---|---|---|---|---|---|---|---|---|---|---|---|
| Dewey Decimal Classification | JCC Rouf Library | JCC Rouf Library | General Stacks | 1 | 650.140835 CHR 2010 | 2758 | 08/12/2018 | 07/22/2018 | C-1 | Books |